| 000 | 02030cam a22003494a 4500 | ||
|---|---|---|---|
| 001 | 12723390 | ||
| 003 | NUST-PNEC | ||
| 005 | 20170116180711.0 | ||
| 008 | 020329s2003 fluaf b 001 0 eng | ||
| 010 | _a 2002067086 | ||
| 015 | _aGBA2-Y2361 | ||
| 020 | _a0849308771 | ||
| 035 | _a(OCoLC)ocm49298439 | ||
| 040 | _cPNEC | ||
| 042 | _apcc | ||
| 050 | 0 | 0 |
_aTK2931 _b.F785 2003 |
| 082 | 0 | 0 |
_a621.31'2429 HOO _221 |
| 100 |
_9562 _aHoogers, Gregor |
||
| 245 | 0 | 0 |
_aFuel cell technology handbook / _cedited by Gregor Hoogers. |
| 260 |
_aBoca Raton, Fla. : _bCRC Press, _cc2003. |
||
| 300 |
_a1 v. (various pagings) : _bill. (some col.) ; _c27 cm. |
||
| 500 | _aIncludes Index http://www.amazon.com/Fuel-Technology-Handbook-Mechanical-Engineering/dp/0849308771/ref=sr_1_1?s=books&ie=UTF8&qid=1413191070&sr=1-1&keywords=0849308771 | ||
| 504 | _aIncludes bibliographical references and index. | ||
| 505 | 0 | _aHistory / Eric Chen -- Thermodynamics and electrochemical kinetics / Eric Chen -- Fuel cell components and their impact on performance / Gregor Hoogers -- The fueling problem: fuel cell systems / Gregor Hoogers -- Catalysts for the proton exchange membrane fuel cell / David Thompsett -- Prospects of the direct methanol fuel cell / Martin Hogarth -- Stationary power generation / Martina Hinsberger and Gregor Hoogers -- Portable applications / Gregor Hoogers -- Automotive applications / Gregor Hoogers -- Competing technologies for transportation / Richard Stone -- Fuel cell fuel cycles / David Hart, Ausilio Bauen -- Outlook: the next five years / Gregor Hoogers. | |
| 650 | 0 |
_aFuel cells. _xME |
|
| 700 | 1 | _aHoogers, Gregor. | |
| 856 | 4 | 1 |
_3Table of contents only _uhttp://www.loc.gov/catdir/toc/fy035/2002067086.html |
| 856 | 4 | 2 |
_3Publisher description _uhttp://www.loc.gov/catdir/enhancements/fy0646/2002067086-d.html |
| 906 |
_a7 _bcbc _corignew _d1 _eocip _f20 _gy-gencatlg |
||
| 942 |
_2ddc _cBK |
||
| 999 |
_c60989 _d60989 |
||